Fr. Conceicao Rodrigues College of Engineering

Theory of computation:Problem solving approach (Record no. 31359)

MARC details
000 -LEADER
fixed length control field 00371nam a2200169Ia 4500
082 ## - DEWEY DECIMAL CLASSIFICATION NUMBER
Item number MAH
100 ## - MAIN ENTRY--PERSONAL NAME
Personal name Mahesh/Kavi
245 ## - TITLE STATEMENT
Title Theory of computation:Problem solving approach
260 ## - PUBLICATION, DISTRIBUTION, ETC.
Name of publisher, distributor, etc. Wiley India.
Date of publication, distribution, etc. 2012
366 ## - TRADE AVAILABILITY INFORMATION
Publishers's discount category 20
300 ## - PHYSICAL DESCRIPTION
Extent 342
546 ## - LANGUAGE NOTE
Language note ENGLISH
-- electronics
650 ## - SUBJECT ADDED ENTRY--TOPICAL TERM
Topical term or geographic name entry element Computation
654 ## - SUBJECT ADDED ENTRY--FACETED TOPICAL TERMS
Focus term computation
942 ## - ADDED ENTRY ELEMENTS (KOHA)
Koha item type BOOK
Holdings
Withdrawn status Lost status Damaged status Not for loan Collection Home library Current library Date acquired Source of acquisition Cost, normal purchase price Inventory number Total Checkouts Full call number Barcode Date last seen Cost, replacement price Price effective from Koha item type Date last checked out
        CRC Fr. Agnel's C.Rodrigues College of Engineering Fr. Agnel's C.Rodrigues College of Engineering 17/03/2023 Allied Publishers 431.20 961 dt 30.01.2017   MAH 24569 17/03/2023 539.00   BOOK  
        CRC Fr. Agnel's C.Rodrigues College of Engineering Fr. Agnel's C.Rodrigues College of Engineering 17/03/2023 Allied Publishers 431.20 961 dt 30.01.2017 1 MAH 24570 21/11/2024 539.00   BOOK 18/11/2024
        CRC Fr. Agnel's C.Rodrigues College of Engineering Fr. Agnel's C.Rodrigues College of Engineering 17/03/2023 Allied Publishers 431.20 961 dt 30.01.2017 1 MAH 24571 13/05/2025 539.00   BOOK 08/05/2025
        CRC Fr. Agnel's C.Rodrigues College of Engineering Fr. Agnel's C.Rodrigues College of Engineering 17/03/2023 Allied Publishers 431.20 961 dt 30.01.2017   MAH 24572 17/03/2023 539.00   BOOK  
        CRC Fr. Agnel's C.Rodrigues College of Engineering Fr. Agnel's C.Rodrigues College of Engineering 17/03/2023 Allied Publishers 431.20 961 dt 30.01.2017   MAH 24573 17/03/2023 539.00   BOOK